000 00794nam a2200241Ia 4500
003 GCL
008 140319s9999 xx 000 0 ara d
040 _aGCL /
_cGCL
082 0 4 _a812.009
_bف ا
100 1 _aفوزى شاهين
245 1 0 _aاثر الموسيقى والفن التشكيلى على مسرح الحكيم /
_cفوزى شاهين
260 _a[S.N] :
_bالهيئة المصرية العامة للكتاب ،
_c1990
490 _a
650 0 4 _aتوفيق الحكيم
650 0 4 _aالمسرحيات
650 0 4 _aالفن
650 0 4 _aالفنون التشكيلية
650 0 4 _aالتأليف المسرحى
650 0 4 _aالموسيقى فى المسرح
650 0 4 _aالمسرح العربى
650 0 4 _aتاريخ ونقد
942 _2ddc
_cBK
999 _c58724
_d58724